|
|
|
|
| LEADER |
00000ny a22000003n 4500 |
| 005 |
20110510145636.0 |
| 008 |
060428c20uu9999sp er 0 0 0spa d |
| 035 |
|
|
|a 2601
|
| 040 |
|
|
|a UJA
|d vLex
|
| 090 |
|
|
|c 1590
|d 1590
|
| 245 |
3 |
3 |
|a La tribuna del derecho
|h [Recurso electrn̤ico]
|
| 256 |
|
|
|a Servicio en ln̕ea
|
| 260 |
|
|
|a Madrid :
|b Navarcorp
|
| 310 |
|
|
|a Quincenal
|
| 650 |
0 |
4 |
|a Derecho
|x Publicaciones perid̤icas
|
| 740 |
0 |
|
|a vLex Revista (Servicios en ln̕ea)
|
| 843 |
|
|
|a Electrn̤ica. Abierta
|
| 853 |
|
|
|8 1
|i (year)
|j (month)
|k (day)
|
| 856 |
4 |
0 |
|u http://vlex.com/account/login_ip?fuente_id=2601
|z Acceso restringido
|
| 942 |
|
|
|c REV
|